000
00302nam a22001337a 4500
008
171005b xxu||||| |||| 00| 0 eng d
020
_a
0534074464
041
_a
eng
080
_2
2ND
_a
159.9
100
_a
49
101
_a
PSI
245
_a
CONTEMPORARY PSYCHOTHERAPIES
_c
BELKIN,G.S
942
_2
udc
_c
BK
999
_c
32013
_d
32013